Normal view
MARC view
- المعتزلي، أبو الحسن عبد الجبار بن أحمد ، عناية وتصحيح الاب جين يوسف هوبن اليسوعي ، مراجعة دانيال جيماريه
Entry Personal Name
001 - CONTROL NUMBER
- control field: 42605
003 - CONTROL NUMBER IDENTIFIER
- control field: JO-AjAnu
005 - DATE AND TIME OF LATEST TRANSACTION
- control field: 20230606081052.0
008 - FIXED-LENGTH DATA ELEMENTS
- fixed length control field: 230606|| aca||aabn | a|a d
040 ## - CATALOGING SOURCE
- Original cataloging agency: JO-AjAnu
- Transcribing agency: JO-AjAnu
100 ## - HEADING--PERSONAL NAME
- Personal name: المعتزلي، أبو الحسن عبد الجبار بن أحمد ، عناية وتصحيح الاب جين يوسف هوبن اليسوعي ، مراجعة دانيال جيماريه
670 ## - SOURCE DATA FOUND
- Source citation: Work cat.: (JO-AjAnu)21823: المعتزلي، أبو الحسن عبد الجبار بن أحمد ، عناية وتصحيح الاب جين يوسف هوبن اليسوعي ، مراجعة دانيال جيماريه, author, كتاب المجموع في المحيط بالتكليف، ج2